00470nam a22001217a 4500008004100000040005500041080002200096245012600118260005100244300001100295500002900306650001300335230425b |||||||| |||| 00| 0 eng d aNational Science LibrarycNational Science Library a523.72(063)bM0.3 aInternational solar energy congressc/ Congress of the international..................Society of India 16-21 January 1978 aIndia: bSolar Energy Society of India, c1978 a1763p. aVol. 3 Extended abstract aAbstract